Formula One: Most Podiums Record Progression - Statistics

General Stats
  • This quiz has been taken 288 times
  • The average score is 10 of 12
Answer Stats
Record (Podium finishes) Driver Nationality Between % Correct
156-188 Lewis Hamilton United Kingdom August 16th 2020-
99%
107-155 Michael Schumacher Germany July 7th 2002-August 16th 2020
98%
55-106 Alain Prost France September 27th 1987-July 7th 2002
96%
46-54 Niki Lauda Austria May 20th 1984-September 27th 1987
96%
7-8 Juan Manuel Fangio Argentina July 29th 1951-July 6th 1952
95%
18-35 Juan Manuel Fangio Argentina September 5th 1954-May 18th 1969
95%
12-17 Alberto Ascari Italy September 7th 1952-September 5th 1954
92%
9-11 Giuseppe Farina Italy July 6th-September 7th 1952
92%
37-43 Jackie Stewart United Kingdom February 11th 1973-September 13th 1981
86%
44-45 Carlos Reutemann Argentina September 13th 1981-May 20th 1984
75%
36 Graham Hill United Kingdom May 18th 1969-February 11th 1973
71%
4-6 Luigi Fagioli Italy July 2nd 1950-July 29th 1951
52%
No matching quizzes found
Score Distribution
Percent of People with Each Score
Percentile by Number Answered
Your Score History
You have not taken this quiz